000 00446nam a2200157 i 4500
001 93800
003 ES-MaACL
007 t|
008 050420s1979 sp ||||1| spa d
100 1 _aMadrona, Amparo.
_975367
245 1 0 _aInquietudes
_b: poesías /
_cAmparo López Madrona.
260 _aMadrid :
_bGráf. Do-Mo,
_c1979.
300 _a75 p. :
_bil. ;
_c20 cm.
852 _aES-MaACL
_jL-606
_bR.101182
852 _aES-MaACL
_jL-708
_bR.101181
999 _c93800
_d93800